| 000 | 01517nam0a2200361 4500 | ||
|---|---|---|---|
| 001 | RU\NLR\bibl\1766133 | ||
| 005 | 20260405233324.0 | ||
| 010 |
_a978-5-9998-0048-0 _91000 |
||
| 021 |
_aRU _b2011-25901 _91844 |
||
| 035 | _a(nilc)RSL-KNO-004926858 | ||
| 035 | _a(NLR Aleph) 001756930 | ||
| 090 |
_a1554102 _c1554102 |
||
| 100 | _a20110411d2011 |||y0rusy50 ca | ||
| 101 | 1 |
_arus _ceng |
|
| 102 |
_aRU _aDE |
||
| 105 | _ay ||||||||| | ||
| 200 | 1 |
_aИсполнительное производство: традиции и реформы _dEnforcement and enforceability - tradition and reform _eперевод с английского _e[сборник статей] _fпод ред. Р. ван Рее [и др.] _zeng |
|
| 210 |
_aМосква _aБерлин _cInfotropic media _d2011 |
||
| 215 |
_aXXII, 390 с. _d24 |
||
| 320 | _aБиблиогр. в конце ст. и в подстроч. примеч. | ||
| 510 | 0 |
_aEnforcement and enforceability - tradition and reform _zeng |
|
| 606 | 1 |
_aИсполнительное производство _yЗарубежные страны _92088345 _3RU\NLR\auth\661567842 |
|
| 686 |
_aХ629.217.7я43 _2rubbk |
||
| 686 |
_aХ892.177я43 _2rubbk |
||
| 686 | _aХ892.177 | ||
| 702 | 1 |
_4340 _8rus _7ca _aРее _bР. ван _f1968- _gРемке ван _3RU\NLR\auth\77107049 _989974 |
|
| 801 | 0 |
_aRU _bRuMoRKP _c20110411 _grcr |
|
| 801 | 1 |
_aRU _bРГБ _c20110411 |
|
| 801 | 2 |
_aRU _bNLR _c20110504 _grcr |
|
| 942 | _cBOOK | ||
| 980 | _aNB | ||
| 980 | _aNBR | ||